<?xml version="1.0" encoding="UTF-8"?><?xml-stylesheet type="text/xsl" href="static/style.xsl"?><OAI-PMH xmlns="http://www.openarchives.org/OAI/2.0/" xmlns:xsi="http://www.w3.org/2001/XMLSchema-instance" xsi:schemaLocation="http://www.openarchives.org/OAI/2.0/ http://www.openarchives.org/OAI/2.0/OAI-PMH.xsd"><responseDate>2026-04-27T06:28:21Z</responseDate><request verb="GetRecord" identifier="oai:repisalud.isciii.es:20.500.12105/16915" metadataPrefix="marc">https://repisalud.isciii.es/rest/oai/request</request><GetRecord><record><header><identifier>oai:repisalud.isciii.es:20.500.12105/16915</identifier><datestamp>2025-04-03T10:59:31Z</datestamp><setSpec>com_20.500.12105_15939</setSpec><setSpec>com_20.500.12105_5568</setSpec><setSpec>com_20.500.12105_2404</setSpec><setSpec>com_20.500.12105_2403</setSpec><setSpec>col_20.500.12105_16912</setSpec></header><metadata><record xmlns="http://www.loc.gov/MARC21/slim" xmlns:dcterms="http://purl.org/dc/terms/" xmlns:doc="http://www.lyncode.com/xoai" xmlns:xsi="http://www.w3.org/2001/XMLSchema-instance" xsi:schemaLocation="http://www.loc.gov/MARC21/slim http://www.loc.gov/standards/marcxml/schema/MARC21slim.xsd">
   <leader>00925njm 22002777a 4500</leader>
   <datafield ind2=" " ind1=" " tag="042">
      <subfield code="a">dc</subfield>
   </datafield>
   <datafield ind2=" " ind1=" " tag="720">
      <subfield code="a">Rodríguez Campelo, Dan</subfield>
      <subfield code="e">author</subfield>
   </datafield>
   <datafield ind2=" " ind1=" " tag="720">
      <subfield code="a">Amillategui Dos Santos, Rocío</subfield>
      <subfield code="e">author</subfield>
   </datafield>
   <datafield ind2=" " ind1=" " tag="720">
      <subfield code="a">Gallego Berciano, Pilar</subfield>
      <subfield code="e">author</subfield>
   </datafield>
   <datafield ind2=" " ind1=" " tag="720">
      <subfield code="a">Grupo de trabajo de brotes COVID-19 en residencias de mayores</subfield>
      <subfield code="e">author</subfield>
   </datafield>
   <datafield ind2=" " ind1=" " tag="260">
      <subfield code="c">2023</subfield>
   </datafield>
   <datafield ind2=" " ind1=" " tag="520">
      <subfield code="a">[ES] Introducción: Durante toda la pandemia de COVID-19 se han notificado numerosos brotes de SARS-CoV-2 en centros residenciales de mayores a nivel mundial, incluso tras conseguirse altas coberturas vacunales, especialmente con la llegada de la variante Ómicron. El  objetivo  de  este  estudio  es  caracterizar  aquellos  brotes  notificados  voluntariamente  durante  los  períodos de predominio circulante de las variantes Delta y Ómicron en España y comparar tasas de infección, hospitalización y fallecimiento en residentes y trabajadores entre ambos periodos. Método: La información ha sido recogida siguiendo el protocolo desarrollado por el Centro Europeo para la Prevención y el Control de Enfermedades (ECDC). Se ha realizado un análisis descriptivo de brotes notificados de junio-2021 a agosto-2022. Se han calculado tasas de ataque (TA) y porcentaje de hospitalización y fallecimientos por periodo Delta u Ómicron para residentes y trabajadores. Resultados: Se han estudiado 405 brotes que afectaron a 6.389 residentes y 1.859 trabajadores. 98,5% de los casos en residentes y 96% en trabajadores tenían la pauta vacunal primaria completa. La tasa de ataque (TA) en residentes y en trabajadores fue superior durante el período Ómicron (25,1% vs 15,5% y 10,8% vs 5,9%, respectivamente). El porcentaje de casos graves (hospitalizados y exitus) fue menor en el periodo Ómicron (en residentes y trabajadores). Conclusiones: El periodo Ómicron se caracteriza por una alta transmisibilidad con brotes con mayo-res TA que el periodo Delta, pero menor gravedad (hospitalizaciones y exitus), tanto para residentes como para trabajadores. [EN] Introduction:  Throughout  the  COVID-19  pandemic,  several  outbreaks  of  SARS-CoV-2  in  long-term  care facilities (LTCF) for elderly have been reported worldwide, even after high vaccination coverage, especially with the arrival of SARS-CoV-2 Omicron variant. The  aim  of  this  study  is  to  characterize  those  outbreaks  reported  voluntarily  during  the  Delta  and  Omicron periods in Spain and to compare attack rates, hospitalised cases and deaths in residents and staff members between both periods. Method:  The  information  has  been  collected  following  the  protocol  developed  by  the  European  Centre for Disease Prevention and Control (ECDC). A descriptive analysis of outbreaks reported from June-2021 to August-2022 has been performed. Attack rates (AT) and percentage of hospitalised cases and deaths by Delta or Omicron period have been calculated for residents and staff members.Results: 405 outbreaks with 6.389 cases among residents and 1.859 cases among staff have been stud-ied. 98,5% of resident cases and 96% of staff cases were fully vaccinated (primary series of vaccination completed). Attack rates (AT) in residents and staff members was higher during the Omicron period (25.1% vs 15.5% and 10.8% vs 5.9%, respectively). The percentage of severe cases (hospitalised cases and deaths) was lower in the Omicron period (in residents and staff members). Conclusions: Omicron  period  is  characterized  by  high  transmissibility  with  outbreaks  with  higher  AT than Delta period, but lower severity (hospitalised cases and deaths), both for residents and staff members.</subfield>
   </datafield>
   <datafield ind1="8" ind2=" " tag="024">
      <subfield code="a">Rodríguez Campelo D, Amillategui Dos Santos R, Gallego-Berciano P; Grupo de trabajo de brotes COVID-19 en residencias de mayores. Brotes de COVID-19 en centros residenciales de mayores durante los periodos de predominancia de variante Delta y Ómicron en España. Boletín Epidemiológico Semanal. 2023;31(4):274-288</subfield>
   </datafield>
   <datafield ind1="8" ind2=" " tag="024">
      <subfield code="a">2173-9277</subfield>
   </datafield>
   <datafield ind1="8" ind2=" " tag="024">
      <subfield code="a">http://hdl.handle.net/20.500.12105/16915</subfield>
   </datafield>
   <datafield ind1="8" ind2=" " tag="024">
      <subfield code="a">10.4321/s2173-92772023000400007</subfield>
   </datafield>
   <datafield ind1="8" ind2=" " tag="024">
      <subfield code="a">2173-9277</subfield>
   </datafield>
   <datafield ind1="8" ind2=" " tag="024">
      <subfield code="a">Boletín Epidemiológico Semanal</subfield>
   </datafield>
   <datafield tag="653" ind2=" " ind1=" ">
      <subfield code="a">COVID-19</subfield>
   </datafield>
   <datafield tag="653" ind2=" " ind1=" ">
      <subfield code="a">Centros residenciales de mayores</subfield>
   </datafield>
   <datafield tag="653" ind2=" " ind1=" ">
      <subfield code="a">Brotes</subfield>
   </datafield>
   <datafield tag="653" ind2=" " ind1=" ">
      <subfield code="a">Vigilancia</subfield>
   </datafield>
   <datafield tag="653" ind2=" " ind1=" ">
      <subfield code="a">Ómicron</subfield>
   </datafield>
   <datafield tag="653" ind2=" " ind1=" ">
      <subfield code="a">Delta</subfield>
   </datafield>
   <datafield ind2="0" ind1="0" tag="245">
      <subfield code="a">Brotes de COVID-19 en centros residenciales de mayores durante los periodos de predominancia de variante Delta y Ómicron en España</subfield>
   </datafield>
</record></metadata></record></GetRecord></OAI-PMH>